00454nam a2200205Ia 4500003000900000008004100009040001300050040001300063041000800076100002100084245004100105250001100146260001800157260000900175300001100184300001000195490001300205490000700218600002300225IT-RoPAU120407s9999 xx 000 0 und d aIT-RoPAU cIT-RoPAU aita aNicola Abbagnano aIntroduzione all’esistenzialismo.  aMilano aIl Saggiatore c1972 a221 p. c18 cm aGabbiani v11 a1. Esistenzialismo